00743nam a2200241Ia 4500008004100000020002200041050001800063050001700081100002200098245003600120245004700156245002000203260001500223260001800238260000900256300001600265300001100281300001100292500002000303650003300323999001900356952012600375160901s9999 xx 000 0 und d a978-0-07-226470-8 aComSc ML 74.4 b.I48D35 2007 aDavis, Guy Hart - aDo-it yourself iPod projects :  b23 cool things didn't know you could do! / cGuy Hart-Davis. aNew York : bMcGraw-Hill., c2007 a290 pages : bill. ; c28 cm. aIncludes index. aiPod (Digital music player). c300955d300955 001040aSMCbSMCcComScd2008-01-12g1.00l0oComSc ML 74.4 .I48D35 2007pSM0C5037r2016-09-01 00:00:00w2016-09-01yBK